| 000 | 00433nam a22001697a 4500 | ||
|---|---|---|---|
| 003 | BD-DhUL | ||
| 005 | 20201020111411.0 | ||
| 008 | 160927s2003 bg ||||| |||| 00| 0 eng d | ||
| 040 |
_aBD-DhUL _cBD-DhUL |
||
| 082 |
_a954.92 _bZAF |
||
| 100 | _aZaman, Shams N. | ||
| 245 | 0 |
_aForty short Years : _cShams N. Zaman. _bBangladesh / |
|
| 300 |
_a91 p. ; _c20 cm. |
||
| 500 | _aIncludes indexes | ||
| 650 | 0 | _aHistory | |
| 942 |
_2ddc _cBK |
||
| 999 |
_c105678 _d105678 |
||